000
00281nam a22001217a 4500
003
SGT
082
_a
150
_b
P14J
100
_a
JONES, STEVE
245
_a
PSYCHOLOGY EXPRESS: RESEARCH METHODS IN PSYCHOLOGY
260
_a
INDIA
_b
PERSON
_c
2014
300
_a
197
942
_2
ddc
_c
BK
_0
45
999
_c
15075
_d
15075